LEADER 00932nam0 22002651i 450 001 UON00230710 005 20231205103500.96 100 $a20030730d1963 |0itac50 ba 101 $ahbs 102 $aHR 105 $a|||| ||||| 200 1 $aNovele$fMiroslav Krleza 210 $aZagreb$cZora$d1963 215 $a617 p.$c20 cm. 410 1$1001UON00176914$12001 $aSabrana djela Miroslava Krleze$1210 $aZagreb$cZora$v8 620 $aHR$dZagreb$3UONL001976 676 $a891.82$cLetteratura serbo-croata$v21 700 1$aKRLE?A$bMiroslav$3UONV126209$0465374 712 $aZora$3UONV269284$4650 801 $aIT$bSOL$c20250620$gRICA 899 $aSIBA - SISTEMA BIBLIOTECARIO DI ATENEO$2UONSI 912 $aUON00230710 950 $aSIBA - SISTEMA BIBLIOTECARIO DI ATENEO$dSI CROATO A 0191 $eSI SL 251 5 0191 996 $aNovele$91272436 997 $aUNIOR